El desafío de la democratización en Centro América /
Guardado en:
| Autor principal: | |
|---|---|
| Formato: | Texto |
| Etiquetas: |
Agregar Etiqueta
Sin Etiquetas, Sea el primero en etiquetar este registro!
|
MARC
| LEADER | 00000 a a2200000 04500 | ||
|---|---|---|---|
| 001 | 47775 | ||
| 003 | |||
| 040 | |||
| 100 | |a De Maldonado, Karin | ||
| 245 | |a El desafío de la democratización en Centro América / |c Karin de Maldonado | ||
| 500 | |a Ponencia presentada en la Conferencia de la CLAT sobre "la democratización, el nuevo desarrollo y la integración latinoamericana". Ecuador 18 al 22 de mayo, 1987. | ||
| 773 | |g número6, (abril-junio, 1987), páginas 3-24 | ||
| 999 | |c 21040 |d 21040 | ||
